000 00307 a2200157 4500
001 186049
020 _a0-19-422800-2
040 _cMagnum
100 _aEscott, John
240 1 0 _aNew York
_lING
245 1 0 _aNew York
300 _a22
362 0 _a1997
697 _aLITERATURA INGLESA
942 _cBK
999 _c186049
_d186049